Essentials of teacher leadership / (Record no. 57159)

MARC details
000 -LEADER
fixed length control field 00770nam a22002297a 4500
005 - DATE AND TIME OF LATEST TRANSACTION
control field 20220421094816.0
008 - FIXED-LENGTH DATA ELEMENTS--GENERAL INFORMATION
fixed length control field 220421b ||||| |||| 00| 0 eng d
020 ## - INTERNATIONAL STANDARD BOOK NUMBER
International Standard Book Number 9786218035317
040 ## - CATALOGING SOURCE
Language of cataloging English
Transcribing agency URS
Description conventions rda
050 ## - LIBRARY OF CONGRESS CALL NUMBER
Classification number LB1715
Item number .L77 2018
100 ## - MAIN ENTRY--PERSONAL NAME
9 (RLIN) 407
Personal name Llagas, Avelina T.,
Relator term author.
245 ## - TITLE STATEMENT
Title Essentials of teacher leadership /
Statement of responsibility, etc Avelina T. Llagas, Brenda B. Corpuz.
264 ## - PUBLICATION, DISTRIBUTION, ETC. (IMPRINT)
Place of publication, distribution, etc Quezon City :
Name of publisher, distributor, etc Lorimar Publishing Incorporated,
Date of publication, distribution, etc ©2018.
300 ## - PHYSICAL DESCRIPTION
Extent xi, 259 pages :
Other physical details illustrations ;
Dimensions 25 cm.
336 ## - CONTENT TYPE
Source rdacontent
Content type term text
Content type code txt
337 ## - MEDIA TYPE
Source rdamedia
Media type term unmediated
Media type code n
338 ## - CARRIER TYPE
Source rdacarrier
Carrier type term volume
Carrier type code nc
650 #0 - SUBJECT ADDED ENTRY--TOPICAL TERM
9 (RLIN) 84
Topical term or geographic name as entry element Leadership.
650 #0 - SUBJECT ADDED ENTRY--TOPICAL TERM
9 (RLIN) 1336
Topical term or geographic name as entry element Teachers
General subdivision Training of.
700 ## - ADDED ENTRY--PERSONAL NAME
9 (RLIN) 83
Personal name Corpuz, Brenda B.,
Relator term author.
942 ## - ADDED ENTRY ELEMENTS (KOHA)
Source of classification or shelving scheme Library of Congress Classification
Koha item type Filipiniana
Holdings
Withdrawn status Lost status Source of classification or shelving scheme Damaged status Not for loan Collection code Home library Current library Shelving location Date acquired Source of acquisition Total Checkouts Full call number Barcode Date last seen Copy number Koha item type Price effective from
    Library of Congress Classification       Rodriguez College Library Rodriguez College Library   04/25/2023 Purchased   LB1715 .L77 2018 URSROD-4952 04/25/2023 1 Filipiniana 04/25/2023
    Library of Congress Classification       Rodriguez College Library Rodriguez College Library   04/25/2023 Purchased   LB1715 .L77 2018 URSROD-4953 04/25/2023 2 Filipiniana 04/25/2023
    Library of Congress Classification     Non-fiction Taytay College Library Taytay College Library Filipiniana Section 11/30/2021 Purchased   LB1715 .L77 2018 URSTAY-5050 06/02/2025 1 Filipiniana  
    Library of Congress Classification     Non-fiction Taytay College Library Taytay College Library Filipiniana Section 11/30/2021 Purchased   LB1715 .L77 2018 URSTAY-5051 06/02/2025 2 Filipiniana  

University of Rizal System
Email us at univlibservices@urs.edu.ph

Visit our Website www.urs.edu.ph/library